000 00504nam a2200169 i 4500
001 101795
003 ES-MaACL
005 20230906183000.0
007 t|
008 051025s1958 pr ||||1| spa d
080 _a821.134.2(729.5)-3"19"
100 1 _aMeléndez Muñoz, Miguel.
_979926
245 1 0 _aCuentos y estampas /
_cMiguel Meléndez Muñoz.
260 _aSan Juan Bautista de Puerto Rico :
_bClub de la Prensa,
_c1958.
300 _a170 p. ;
_c20 cm.
852 _aES-MaACL
_jC-27980
_bR.57180
999 _c101795
_d101795